| 000 | 00639nam a2200217 4500 | ||
|---|---|---|---|
| 999 |
_c7646 _d7646 |
||
| 008 | 020221s1994 us engYA | ||
| 020 | _a080280828X | ||
| 100 | 1 | _aKelley, Page H. | |
| 245 | 1 | 0 |
_aA handbook to biblical Hebrew : _ban introductory grammar / _cPage H. Kelley...[et al.]. |
| 260 |
_aMichigan : _bEerdmans, _cc1994. |
||
| 300 | _axii, 223 p. | ||
| 336 | _atext | ||
| 337 | _aunmediated | ||
| 338 | _avolume | ||
| 650 | 4 |
_aBible _xLanguage, style |
|
| 650 | 4 |
_aHebrew language _xGrammar _xHandbooks, manuals, etc. |
|
| 951 | _x00013976 | ||
| 700 | 1 | _aBurden, Terry L. | |
| 700 | 1 | _aCrawford, Timothy G. | |
| 942 |
_2lcc _cREF |
||